[Event "UK-ch blitz (Women) op"]
[Site "Solihull"]
[Date "2018.12.01"]
[Round "5"]
[White "Norinkeviciute, Rasa"]
[Black "Fink Nunn, Petra"]
[Result "0-1"]
[WhiteElo "1995"]
[BlackElo "1923"]
[PlyCount "67"]
[EventDate "2018.12.01"]
[EventType "tourn (blitz)"]
[EventRounds "15"]
[EventCountry "ENG"]
[SourceTitle "EXT 2020"]
[Source "ChessBase"]
[SourceDate "2019.10.17"]
[SourceVersion "1"]
[SourceVersionDate "2019.10.17"]
[SourceQuality "1"]

1. c4 Nf6 2. g3 e6 3. Bg2 d5 4. Nf3 c5 5. d4 dxc4 6. Qa4+ Bd7 7. Qxc4 Nc6 8. dxc5 Qa5+ 9. Nc3 Qxc5 10. Qb3 Qb4 11. Qxb4 Bxb4 12. 0-0 0-0 13. Bd2 Rfd8 14. a3 Ba5 15. b4 Bb6 16. Na4 e5 17. Nxb6 axb6 18. Bc3 Re8 19. e3 Rac8 20. Bb2 Bf5 21. Rfd1 Bg4 22. h3 Bxf3 23. Bxf3 Rcd8 24. Rxd8 Rxd8 25. Bxc6 bxc6 26. Bxe5 Nd5 27. Kg2 f6 28. Bd4 Kf7 29. g4 Ke6 30. Rc1 Kd6 31. Kf3 Ra8 32. Bb2 Re8 33. e4 Nc7 34. Ke3 0-1